LEADER 02461nam 2200457 450 001 000008279 005 20180801123900.0 100 $a20010517d19651966km-y0itay0103----ba 101 0 $aeng 102 $aUS 200 1 $a<> World Bibliography of Bibliographies and Bibliographical Catalogues, Calendars, Abstracts, Digests, Indexes, and the like$fby Theodore Besterman 200 1 $a1 $n0000076 205 $a4. ed. revised and greatly enlarged throughout 210 $aTotowa$cRowman and Littlefield$d1965-1966 215 $a5 v.$d27 cm. 327 $aVol.1 : A-D. - 1750 col.$aVol.2 : E-K. - 1761-3352 col.$aVol.3 : L-P. - 3361-5282 col.$aVol.4 : Q-Z. - 5301-6664 col.$aVol.5 : Index. - 6683-8425 col. 676 $a016.011$v(20. ed.)$9Bibliografie di bibliografie 700 1$aBesterman,$bTheodore$04994 801 0$aIT$bUniversità della Basilicata - B.I.A.$gRICA$2unimarc 912 $a000008279 996 $aWorld Bibliography of Bibliographies and Bibliographical Catalogues, Calendars, Abstracts, Digests, Indexes, and the like$975214 997 $aUNIBAS BAS $aMONLET BAS $aMONOGR BAS $aLETTERE CAT $aGIORDANO$b10$c20010517$lBAS01$h1313 CAT $aGIORDANO$b10$c20010517$lBAS01$h1323 CAT $c20050601$lBAS01$h1754 CAT $abatch$b01$c20050718$lBAS01$h1049 CAT $c20050718$lBAS01$h1109 CAT $c20050718$lBAS01$h1139 CAT $c20050718$lBAS01$h1153 CAT $aBATCH$b00$c20070503$lBAS01$h1730 CAT $aBATCH$b00$c20180801$lBAS01$h1239 FMT Z30 -1$lBAS01$LBAS01$mBOOK$1BASA1$APolo Storico-Umanistico$2GEN$BCollezione generale$3SL/52651$9PSU.016.01 BESwbb1 1$652651$5L52651$820010517$b1$f98$FConsultazione$hA-D Z30 -1$lBAS01$LBAS01$mBOOK$1BASA1$APolo Storico-Umanistico$2GEN$BCollezione generale$3SL/52652$9PSU.016.01 BESwbb2 1$652652$5L52652$820010517$b2$f98$FConsultazione$hE-K Z30 -1$lBAS01$LBAS01$mBOOK$1BASA1$APolo Storico-Umanistico$2GEN$BCollezione generale$3SL/52653$9PSU.016.01 BESwbb3 1$652653$5L52653$820010517$b3$f98$FConsultazione$hL-P Z30 -1$lBAS01$LBAS01$mBOOK$1BASA1$APolo Storico-Umanistico$2GEN$BCollezione generale$3SL/52654$9PSU.016.01 BESwbb4 1$652654$5L52654$820010517$b4$f98$FConsultazione$hQ-Z Z30 -1$lBAS01$LBAS01$mBOOK$1BASA1$APolo Storico-Umanistico$2GEN$BCollezione generale$3SL/52655$9PSU.016.01 BESwbb5 1$652655$5L52655$820010517$b5$f98$FConsultazione$hIndex all $aall $n0008278 LEADER 01026nam a2200265 i 4500 001 991001541499707536 005 20020502183346.0 008 950224s1970 it ||| | ita 035 $ab10865585-39ule_inst 035 $aLE02371229$9ExL 040 $aDip.to Studi Storici$bita 082 0 $a270.1 100 1 $aRahner, Hugo$0386295 245 10$aChiesa e struttura politica nel cristianesimo primitivo :$bdocumenti della Chiesa nei primi otto secoli con introduzione e commento /$cHugo Rahner 250 $a2. rist. 260 $aMilano :$bJaca book,$c1970 300 $a303 p. ;$c23 cm. 490 0 $aGià e non ancora ;$v51 650 4$aChiesa$ySec. 1.-8.$xDocumenti 907 $a.b10865585$b23-02-17$c28-06-02 912 $a991001541499707536 945 $aLE023 270.1 RAH 1 1$g1$i2023000002216$lle023$o-$pE0.00$q-$rl$s- $t0$u1$v0$w1$x0$y.i10974295$z28-06-02 996 $aChiesa e struttura politica nel cristianesimo primitivo$9918186 997 $aUNISALENTO 998 $ale023$b01-01-95$cm$da $e-$fita$git $h0$i1